[Event "45th FIDE Chess Olympiad Open"]
[Site "Budapest, Hungary"]
[Date "2024.09.12"]
[Round "2"]
[White "Indjic, Aleksandar"]
[Black "Volodin, Aleksandr"]
[Result "1/2-1/2"]
[WhiteElo "2611"]
[BlackElo "2457"]
[PlyCount "187"]
[EventDate "2024.??.??"]
[WhiteTeam "Serbia"]
[BlackTeam "Estonia"]
[WhiteTeamCountry "SRB"]
[BlackTeamCountry "EST"]
[WhiteClock "0:24:52"]
[BlackClock "0:02:35"]

1. d4 d5 2. c4 e6 3. Nf3 Nf6 4. Nc3 c6 5. Qd3 Nbd7 6. g3 Bd6 7. Bg2 O-O 8. O-O Qe7 9. e4 dxe4 10. Nxe4 Nxe4 11. Qxe4 Re8 ({RR} 11... Nf6 12. Qe2 c5 13. Rd1 Rb8 14. b3 b6 15. Bb2 Bb7 16. Rd3 Be4 17. Re3 Bg6 18. Ne5 Bxe5 19. dxe5 Nd7 20. h4 h6 21. h5 Bf5 22. Rd1 Rfd8 23. Rd6 Nf8 24. a3 Qg5 25. Kh2 Bg4 26. Qd2 {1-0 Gharibyan,M (2491)-Darini,P (2405) Titled Tue 21st Mar Early 2023 (10)}) 12. c5 $146 ({RR} 12. Bg5 f6 13. Be3 Nf8 14. Qc2 Bd7 15. Nd2 f5 16. f4 Rad8 17. Rfe1 Qf6 18. Rad1 Rc8 19. c5 Bc7 20. Nc4 b5 21. Ne5 Bb8 22. Rd3 Red8 23. Bf2 Be8 24. Qb3 Bxe5 25. dxe5 Rxd3 26. Qxd3 Rd8 {½-½ Johansson,E (1924)-Degerfeldt,S (1950) Gothenburg Manhem Elo 2017 (1)}) ({RR} 12. Bf4 Nf6 13. Bxd6 Nxe4 14. Bxe7 Rxe7 15. Rfe1 Nd6 16. b3 f6 17. Re2 Bd7 18. Rae1 Kf7 19. h4 Ree8 {½-½ Leitao,R (2622)-Rodriguez Vila,A (2505) Cuiaba op 2011 (5)}) ({RR} 12. Re1 c5 13. Qc2 Nf6 14. a3 a5 15. dxc5 Bxc5 16. Ne5 Nd7 17. Nd3 Bd4 18. Be3 Bxe3 19. Rxe3 Nc5 20. Nxc5 Qxc5 21. Rb3 Rb8 22. Rb5 Qc7 23. c5 Bd7 24. Rb6 Bc6 25. Qc3 Bxg2 26. Kxg2 Rec8 {1-0 Guramishvili,S (2400)-Goksel,D (2220) TUR-chT Konya 2012 (5)}) 12... Bc7 13. Re1 e5 14. Qc2 Qf8 15. Bd2 exd4 16. Rxe8 Qxe8 17. Re1 Qf8 18. Nxd4 Nxc5 19. b4 Ne6 20. Nf5 Bd7 21. Qb2 Re8 22. b5 Bb6 23. bxc6 Bxc6 24. Bxc6 bxc6 25. Rc1 Rc8 26. Rc4 c5 27. a4 h5 28. g4 Bd8 29. gxh5 Bf6 30. Qc2 Nd4 31. Nxd4 Bxd4 32. Qf5 Qe8 33. Kg2 Qc6+ 34. Qf3 Qa6 35. Qd3 Qc6+ 36. Qf3 Qa6 37. Qd3 Qe6 38. h6 gxh6 39. Bf4 Re8 40. Rc2 Qd5+ 41. Qf3 Qf5 42. Rc1 Re6 43. Bg3 Qxf3+ 44. Kxf3 Ra6 45. Rc4 Kh7 46. Ke4 Kg6 47. Kd5 Kg5 48. f3 Rf6 49. Bb8 a6 50. Ke4 Re6+ 51. Kd5 Re3 52. f4+ Kf5 53. a5 Ra3 54. Bc7 h5 55. Bb6 h4 56. Kc6 h3 57. Kb7 Ra2 58. Bxc5 Bxc5 59. Rxc5+ Kxf4 60. Kxa6 Rxh2 61. Rc7 f5 62. Rh7 Kg3 63. Rg7+ Kf3 64. Rh7 f4 65. Kb7 Rb2+ 66. Kc6 Ra2 67. Kb6 Kg2 68. Rg7+ Kf2 69. Rh7 Kg3 70. Rg7+ Kf3 71. a6 h2 72. Rh7 Kg2 73. Rg7+ Kf2 74. Rh7 Kg1 75. Rg7+ Kf1 76. Rh7 f3 77. a7 Kg2 78. Rg7+ Kh3 79. Rh7+ Kg3 80. Rg7+ Kf4 81. Rf7+ Ke5 82. Rh7 f2 83. Rh5+ Ke6 84. Rh6+ Kf5 85. Rh5+ Kf4 86. Rxh2 f1=Q 87. Rxa2 Qb1+ 88. Kc7 Qxa2 89. Kb8 Qb3+ 90. Kc8 Qc4+ 91. Kb8 Qb5+ 92. Kc8 Qc6+ 93. Kb8 Qb6+ 94. Ka8 1/2-1/2

[Event "45th FIDE Chess Olympiad Open"]
[Site "Budapest, Hungary"]
[Date "2024.09.12"]
[Round "2"]
[White "Seeman, Tarvo"]
[Black "Markus, Robert"]
[Result "1-0"]
[WhiteElo "2375"]
[BlackElo "2586"]
[PlyCount "109"]
[EventDate "2024.??.??"]
[WhiteTeam "Estonia"]
[BlackTeam "Serbia"]
[WhiteTeamCountry "EST"]
[BlackTeamCountry "SRB"]
[WhiteClock "0:04:58"]
[BlackClock "0:06:22"]

1. Nf3 d6 2. d4 Nf6 3. g3 Nbd7 4. Nc3 e5 5. e4 c6 6. a4 Be7 7. Bg2 O-O 8. O-O b6 9. Be3 ({RR} 9. b3 a6 10. Ba3 Bb7 11. dxe5 dxe5 12. Bd6 Bxd6 13. Qxd6 Re8 14. Rfd1 Qb8 15. Nh4 Qxd6 16. Rxd6 b5 17. Nf5 g6 18. Ne3 Kg7 19. Bh3 Nf8 20. f3 Red8 21. Rad1 Rxd6 22. Rxd6 Ne8 23. Rd1 f6 {1-0 Kravtsiv,M (2595)-Khairullin,I (2657) EU-ch 14th Legnica 2013 (10)}) 9... a6 10. Nd2 Bb7 11. Nc4 $146 ({RR} 11. f4 b5 12. h3 b4 13. Ne2 a5 14. g4 Ba6 15. Rf2 h6 16. Ng3 Re8 17. Qf3 exd4 18. Bxd4 c5 19. Be3 Bf8 20. Bf1 Bb7 21. g5 hxg5 22. fxg5 Ne5 23. Qg2 Nh7 24. Bb5 Re6 25. Nf5 d5 {½-½ Onischuk,V (2637)-Kunin,V (2527) Riga Tal Memorial blitz 2019 (11)}) 11... Qc7 12. a5 b5 13. Nb6 Rad8 14. d5 c5 15. Nxd7 Nxd7 16. Qd2 Nf6 17. h3 Rfe8 18. Ne2 Rb8 19. c3 c4 20. f4 exf4 21. gxf4 Nd7 22. Bd4 Nc5 23. Qe3 Nb3 24. Bb6 Qd7 25. Rad1 Bd8 26. Nd4 Bxb6 27. axb6 Nxd4 28. Qxd4 Bc8 29. Rf3 Qd8 30. Rg3 g6 31. Kh2 Qxb6 32. Qd2 f5 33. Re1 b4 34. e5 bxc3 35. bxc3 Qc5 36. h4 Re7 37. h5 Rg7 38. h6 Rgb7 39. exd6 Rf7 40. Re8+ Rf8 41. Rge3 Rb7 42. R3e7 Rxe7 43. Rxe7 Rf7 44. Re8+ Rf8 45. Re7 Rf7 46. Rc7 Rxc7 47. dxc7 Kf7 48. d6 Ke6 49. Bb7 Bd7 50. Bxa6 g5 51. Qd4 Qxd4 52. cxd4 c3 53. c8=Q Bxc8 54. Bxc8+ Kf6 55. d7 1-0

[Event "45th FIDE Chess Olympiad Open"]
[Site "Budapest, Hungary"]
[Date "2024.09.12"]
[Round "2"]
[White "Ivic, Velimir"]
[Black "Timoshin, Andrei"]
[Result "1-0"]
[WhiteElo "2599"]
[BlackElo "2230"]
[PlyCount "53"]
[EventDate "2024.??.??"]
[WhiteTeam "Serbia"]
[BlackTeam "Estonia"]
[WhiteTeamCountry "SRB"]
[BlackTeamCountry "EST"]
[WhiteClock "0:18:53"]
[BlackClock "0:00:50"]

1. c4 {Petrosian,Tigran V} c5 2. Nf3 Nf6 3. Nc3 Nc6 4. g3 d5 5. cxd5 Nxd5 6. Bg2 Nc7 7. d3 e5 8. Nd2 Be6 ({RR} 8... Be7 9. Nc4 f6 10. Bxc6+ bxc6 11. Qa4 Qd7 12. f3 Ne6 13. Be3 O-O 14. Rc1 Rb8 15. b3 Nd4 16. g4 Kh8 17. Ne4 Rd8 18. h4 Rb4 19. Qa3 Rb5 20. Qa4 Rb4 21. Qa5 Rb5 22. Qd2 Qc7 23. h5 {0-1 Meier,G (2630)-Karjakin,S (2783) chess.com Speed 5m+2spm 2017 blitz (1.3)}) ({RR} 8... Be7 9. Nc4 f6 10. f4 exf4 11. Bxf4 Ne6 12. Bd2 O-O 13. Nd5 Re8 14. O-O Bd7 15. a4 Ng5 16. e4 Nf7 17. Bc3 Nfe5 18. Nxe5 Nxe5 19. Bxe5 fxe5 20. Qh5 Be6 21. Bh3 Bxh3 22. Qxh3 Bd6 23. Rf5 {1-0 Miezis,N (2424)-Simonsen,D (1942) Norway Chess Open GM 2024 (1.13)}) 9. Bxc6+ bxc6 10. b3 Be7 $146 ({RR} 10... Nb5 11. Na4 ({RR} 11. Bb2 Nxc3 12. Bxc3 Qd5) 11... Qd5 12. f3 Be7 ({RR} 12... h5 13. Ne4 f5 14. Ng5 h4) 13. Bb2 h5 14. Rc1 h4 15. g4 Bxg4 16. e4 Qxd3 17. fxg4 Bg5 ({RR} 17... O-O-O 18. Nf3 ({RR} 18. Qe2 Bg5 19. Nf3) 18... Qxe4+ 19. Qe2 Qxg4) 18. Nxc5 Qh3 19. Qe2 Rd8 20. Rc2 Bf4 21. Nf1 Rh6 ({RR} 21... Bg3+ 22. Nxg3 hxg3 23. Qf3) 22. Qg2 Qxg2 23. Rxg2 Rhd6 24. Rc2 Rd1+ 25. Ke2 {1-0 Petrosian,T-Szabo,L IBM Amsterdam 1973 (1)}) 11. Bb2 f6 12. Rc1 O-O 13. Na4 Qd5 14. f3 Rad8 15. Ba3 Na6 16. Ne4 g5 17. Naxc5 Bc8 18. Rc4 g4 19. Qc1 Nc7 20. fxg4 Bxg4 21. Nxf6+ Rxf6 22. Rxg4+ Kh8 23. Ne4 Qa5+ 24. Kd1 Rf7 25. Bxe7 Rxe7 26. Qh6 Nd5 27. Rf1 1-0

[Event "45th FIDE Chess Olympiad Open"]
[Site "Budapest, Hungary"]
[Date "2024.09.12"]
[Round "2"]
[White "Martirosyan, Haik M."]
[Black "Henderson de La Fuente, Lance"]
[Result "1-0"]
[WhiteElo "2667"]
[BlackElo "2519"]
[PlyCount "201"]
[EventDate "2024.??.??"]
[WhiteTeam "Armenia"]
[BlackTeam "Andorra"]
[WhiteTeamCountry "ARM"]
[BlackTeamCountry "AND"]
[WhiteClock "0:06:04"]
[BlackClock "0:00:49"]

1. d4 Nf6 2. c4 g6 3. Nc3 Bg7 4. e4 d6 5. Be2 O-O 6. Be3 Nc6 7. d5 Ne5 8. Nf3 ({RR} 8. f4 Neg4 9. Bd2 Nh6 10. Nf3 c6 11. h3 b5 12. a3 bxc4 13. dxc6 d5 14. e5 Ne4 15. g4 Qb6 16. Qc2 Nxd2 17. Qxd2 Kh8 18. O-O-O Rb8 19. Nxd5 Qxc6 20. Nxe7 Qb7 21. Nd5 Be6 22. Nc3 f6 {½-½ LCZero 0.31-dag-5350a2e-BT4-6 (3631)-Stockfish dev-20240728-2343f7 (3662) TCEC 26 Balanced Lines 2024 (39.1)}) 8... Nxf3+ 9. Bxf3 Nd7 ({RR} 9... c6 10. O-O Nd7 11. Be2 a6 12. Rc1 Nc5 13. b4 Nd7 14. a3 c5 15. Qb3 b6 16. Rb1 Qc7 17. Rfc1 e6 18. h3 Bd4 19. Bh6 Re8 20. Bd3 Bh8 21. Ne2 exd5 22. cxd5 b5 23. Qd1 c4 24. Bc2 {0-1 Olsen,F (2440)-Kazakouski,V (2606) Titled Tue 9th Apr Late 2024 (7)}) 10. O-O a5 $146 ({RR} 10... e5 11. dxe6 fxe6 12. Rc1 a5 13. b3 Qe7 14. g3 Ne5 15. Bg2 Nc6 16. h4 Bd7 17. Nb5 Be8 18. Qd2 Ne5 19. Qe2 c6 20. Nc3 Nd7 21. Rfd1 Rd8 22. Bh3 e5 23. Qd2 Rf6 24. Bg5 Nc5 25. Bg2 {0-1 Bronstein,O (2463)-Naroditsky,D (2618) Titled Tue 25th Apr Late 2023 (7)}) 11. Be2 b6 12. Rc1 Nc5 13. Bd4 Bxd4 14. Qxd4 e5 15. dxe6 fxe6 16. e5 Bb7 17. exd6 Qxd6 18. Qxd6 cxd6 19. Rfd1 Rad8 20. Rd4 e5 21. Rd2 Kf7 22. Re1 Ke7 23. Bd1 g5 24. Re3 h6 25. b3 Bc6 26. Bc2 Rf6 27. h3 Rf4 28. f3 Rff8 29. a3 Rc8 30. Kh2 h5 31. b4 Ne6 32. Be4 h4 33. Bxc6 Rxc6 34. Nd5+ Kf7 35. bxa5 bxa5 36. Rb3 Rfc8 37. Rb7+ Nc7 38. Ra7 Kf8 39. Nf6 Ke7 40. Nd5+ Kf8 41. Ne3 Ra8 42. Rxa8+ Nxa8 43. Nf5 Nb6 44. Rxd6 Rxd6 45. Nxd6 Ke7 46. c5 Ke6 47. Nb7 Nc4 48. c6 Nxa3 49. Nxa5 Kd6 50. Kg1 Kc7 51. Kf2 Kb6 52. Kf1 Nc2 53. Nc4+ Kxc6 54. Nxe5+ Kd5 55. Nf7 Ke6 56. Nxg5+ Kf5 57. Ne4 Kf4 58. Kf2 Nd4 59. Nc5 Nc2 60. Nd3+ Kf5 61. Ke2 Na3 62. Nb4 Nc4 63. Nd5 Ke5 64. Ne3 Nd6 65. Kf2 Kf4 66. Nd5+ Ke5 67. Nc3 Kf5 68. Ne2 Nc4 69. g4+ hxg3+ 70. Kxg3 Ne3 71. h4 Nd5 72. f4 Kg6 73. Nd4 Kh5 74. Nf5 Kg6 75. Nd4 Kh5 76. Ne2 Kg6 77. Kg4 Nf6+ 78. Kh3 Kf5 79. Kg3 Ke4 80. Nc3+ Kd4 81. Nd1 Ke4 82. Nf2+ Kf5 83. Kf3 Nd5 84. Nd3 Nf6 85. Ne1 Kg6 86. Ng2 Kf5 87. Ne3+ Kg6 88. f5+ Kh5 89. Ng2 Ng8 90. Kf4 Kh6 91. Ke5 Kg7 92. Ke6 Nf6 93. Nf4 Ng4 94. h5 Nh6 95. Ng6 Ng4 96. Ne5 Nh6 97. Nd7 Kh7 98. Kf6 Ng4+ 99. Kg5 Ne3 100. f6 Kg8 101. Kg6 1-0

[Event "45th FIDE Chess Olympiad Open"]
[Site "Budapest, Hungary"]
[Date "2024.09.12"]
[Round "2"]
[White "Fluvia Poyatos, Jordi"]
[Black "Sargsyan, Shant"]
[Result "1/2-1/2"]
[WhiteElo "2438"]
[BlackElo "2649"]
[PlyCount "60"]
[EventDate "2024.??.??"]
[WhiteTeam "Andorra"]
[BlackTeam "Armenia"]
[WhiteTeamCountry "AND"]
[BlackTeamCountry "ARM"]
[WhiteClock "0:48:29"]
[BlackClock "0:51:39"]

1. e4 e5 2. Nf3 Nc6 3. Nc3 Nf6 4. d4 exd4 5. Nxd4 Bb4 6. Nxc6 bxc6 7. Bd3 O-O 8. O-O d5 9. exd5 cxd5 10. Bg5 c6 11. Qf3 Bd6 12. Rae1 Rb8 13. Nd1 h6 14. Bxf6 Qxf6 15. Qxf6 gxf6 16. b3 a5 17. Ne3 a4 18. Nf5 Bxf5 19. Bxf5 axb3 20. axb3 Rfd8 21. Re3 Kg7 22. Rd1 $146 ({RR} 22. Rc3 c5 23. f4 Rb4 24. Rg3+ Kf8 25. Rg4 Re8 26. Bh7 Re2 27. Rg8+ Ke7 28. Bd3 Re3 29. Kf2 Re6 30. g3 c4 31. bxc4 dxc4 32. Bf5 Bc5+ 33. Kf3 Re3+ 34. Kg4 Rb5 35. Rh8 Bd6 36. Ra1 Ba3 {1-0 Krapivin,A (2459)-Nester,I (2420) Lvov Vasylyshyn Memorial 2006 (6)}) 22... Be5 23. g3 Rb4 24. Kg2 Kf8 25. f4 Bd6 26. Ra1 Bc5 27. Re2 Rb7 28. Ra6 Rc7 29. Re1 Kg7 30. Bd3 Bd4 1/2-1/2

[Event "45th FIDE Chess Olympiad Open"]
[Site "Budapest, Hungary"]
[Date "2024.09.12"]
[Round "2"]
[White "Hovhannisyan, Robert"]
[Black "De La Riva Aguado, Oscar"]
[Result "1/2-1/2"]
[WhiteElo "2619"]
[BlackElo "2431"]
[PlyCount "42"]
[EventDate "2024.??.??"]
[WhiteTeam "Armenia"]
[BlackTeam "Andorra"]
[WhiteTeamCountry "ARM"]
[BlackTeamCountry "AND"]
[WhiteClock "0:31:46"]
[BlackClock "0:38:22"]

1. e4 e6 2. d4 d5 3. Nc3 Nf6 4. Bg5 dxe4 5. Nxe4 Nbd7 6. Nf3 h6 7. Bxf6 Nxf6 8. Bd3 Nxe4 9. Bxe4 c5 10. Qe2 Qa5+ 11. c3 cxd4 12. Nxd4 Qb6 ({RR} 12... g6 13. O-O-O Bg7 14. Nc6 Qg5+ 15. Kb1 O-O 16. h4 Qc5 17. Qe3 Qxe3 18. Ne7+ Kh8 19. fxe3 Bf6 20. Nxc8 Raxc8 21. Rd7 b5 22. Rxa7 b4 23. cxb4 Rc4 24. Bc2 Rxb4 25. Bb3 Kg7 26. Ra4 Rfb8 27. Rxb4 {½-½ Van Foreest,J (2714)-Ding,L (2799) Charity Cup KO rapid 2022 (1.12)}) ({RR} 12... Be7 13. Nc6 Qc7 14. Nxe7 Kxe7 15. O-O-O Bd7 16. Rd2 Rhd8 17. Qg4 Kf8 18. Rhd1 Bc6 19. Rd4 Rxd4 20. Rxd4 Rd8 21. Rxd8+ Qxd8 22. Bxc6 bxc6 23. Kc2 Qb6 24. Qd4 Qxd4 25. cxd4 Ke7 26. Kc3 Kd6 27. Kc4 {1-0 Hovhannisyan,R (2626)-Druska,J (2493) EU-ch 21st Reykjavik 2021 (2)}) 13. Nf3 ({RR} 13. O-O-O Bd7 14. Qf3 Be7 15. h4 Bf6 16. g4 O-O-O 17. Qg3 Ba4 18. Nc2 Rxd1+ 19. Rxd1 Rd8 20. Rxd8+ Qxd8 21. Qe3 Bxh4 22. b3 Bc6 23. Bxc6 bxc6 24. Qxa7 Bg5+ 25. Kb2 Qd1 26. Qa6+ Kc7 27. Qa5+ Kc8 {½-½ Bortnyk,O (2608)-Santos Latasa,J (2631) CrunchLab Masters Div 3 L 2024 (5.1)}) 13... Be7 14. O-O-O Bf6 15. Nd2 $146 ({RR} 15. h4 Bd7 16. g4 O-O-O 17. g5 hxg5 18. hxg5 Be7 19. Rxh8 Rxh8 20. Qc4+ Bc6 21. Ne5 Bxg5+ 22. Kb1 Rd8 23. Rxd8+ Qxd8 24. a4 Qd1+ 25. Ka2 Qxa4+ 26. Qxa4 Bxa4 27. Nxf7 Bf4 28. Nh8 Bc6 29. Bxc6 bxc6 {½-½ Vokhidov,S (2597)-Fus,J (2458) Titled Tue 8th Aug Early 2023 (3)}) 15... O-O 16. h4 Bd7 17. Bc2 Rfd8 18. Ne4 Be7 19. Nd2 Bf6 20. Ne4 Be7 21. Nd2 Bf6 1/2-1/2

[Event "45th FIDE Chess Olympiad Open"]
[Site "Budapest, Hungary"]
[Date "2024.09.12"]
[Round "2"]
[White "Ribera Veganzones, Serni"]
[Black "Grigoryan, Karen H."]
[Result "0-1"]
[WhiteElo "2309"]
[BlackElo "2569"]
[PlyCount "76"]
[EventDate "2024.??.??"]
[WhiteTeam "Andorra"]
[BlackTeam "Armenia"]
[WhiteTeamCountry "AND"]
[BlackTeamCountry "ARM"]
[WhiteClock "0:00:42"]
[BlackClock "0:33:31"]

1. e4 c5 2. Nf3 e6 3. d4 cxd4 4. Nxd4 a6 5. Bd3 Nf6 6. O-O Qc7 7. c4 d6 8. Nc3 g6 9. h3 ({RR} 9. Nf3 Bg7 10. Bf4 O-O 11. Rc1 b6 12. b4 Nh5 13. Be3 Nd7 14. Na4 Rd8 15. Qb3 Rb8 16. Nd2 Nhf6 17. f3 Bb7 18. Rfd1 Bc6 19. Bf1 Rdc8 20. Qa3 Bf8 21. Nb3 a5 22. b5 Bxe4 23. fxe4 d5 {0-1 Adams,M (2630)-Lobron,E (2620) Hoogovens op 1993 (10)}) ({RR} 9. f4 Bg7 10. Be3 Nbd7 11. f5 Ne5 12. fxe6 fxe6 13. Qa4+ Kf7 14. Be2 Bd7 15. Qb3 Rhf8 16. Rac1 Rae8 17. g4 Kg8 18. h3 Kh8 19. Qd1 Qb8 20. Qd2 d5 21. cxd5 exd5 22. Bf4 Nxe4 23. Nxe4 dxe4 {0-1 AH KYE,B (1645)-Das,S (2500) ch-Commonwealth 2023-24 2024 (1.8)}) 9... Bg7 10. Nf3 O-O 11. Bf4 b6 $146 ({RR} 11... Nbd7 12. Rc1 b6 13. Qe2 Ne5 14. Nxe5 dxe5 15. Be3 Bb7 16. b4 Nd7 17. Rfd1 Rac8 18. Rc2 Rfd8 19. f3 Bf8 20. a3 Bc6 21. Qf2 Qb8 22. Rb2 b5 23. c5 Qb7 24. Qe2 Nb8 25. Ra1 Be8 26. a4 {½-½ Vovk,A (2546)-Drozdowski,K (2303) EU-ch rapid Warsaw 2010 (3)}) 12. Rc1 Bb7 13. Re1 Rd8 14. Bf1 Ne8 15. b4 Nd7 16. Qb3 Rac8 17. Na4 Qb8 18. Nd2 Ba8 19. Nc3 Rc7 20. Rc2 Rdc8 21. Rec1 h6 22. a3 Kh7 23. Na4 Bc6 24. Be3 b5 25. cxb5 Bxb5 26. Rxc7 Rxc7 27. Rxc7 Qxc7 28. Nb2 Nef6 29. Bxb5 axb5 30. a4 bxa4 31. Nxa4 d5 32. b5 dxe4 33. b6 Qc1+ 34. Nf1 Qc6 35. b7 Nd5 36. Ba7 Be5 37. Nb2 N5b6 38. g3 Qxb7 0-1

[Event "45th FIDE Chess Olympiad Open"]
[Site "Budapest, Hungary"]
[Date "2024.09.12"]
[Round "2"]
[White "Romanov, Evgeny"]
[Black "Deac, Bogdan-Daniel"]
[Result "1/2-1/2"]
[WhiteElo "2567"]
[BlackElo "2680"]
[PlyCount "112"]
[EventDate "2024.??.??"]
[WhiteTeam "North Macedonia"]
[BlackTeam "Romania"]
[BlackTeamCountry "ROU"]
[WhiteClock "0:01:37"]
[BlackClock "0:11:07"]

1. c4 e6 2. g3 d5 3. Bg2 Nf6 4. Nf3 d4 5. d3 Nc6 6. O-O Bc5 7. Nbd2 a5 8. Nb3 Be7 9. e3 dxe3 10. Bxe3 O-O 11. Nbd4 $146 ({RR} 11. h3 a4 12. Nc5 a3 13. bxa3 Rxa3 14. Qc1 Ra8 15. Rd1 b6 16. Nb3 Bb7 17. d4 Ra4 18. Ng5 Qa8 19. d5 exd5 20. cxd5 Nb4 21. Qxc7 Nbxd5 22. Qe5 Re8 23. Bd4 Bc5 24. Qf5 Bxd4 25. Nxd4 Nc3 {1-0 Abdisalimov,A (2504)-Vishnu,P (2382) BRICS Games Rapid Team 2024 (4.5)}) ({RR} 11. Bc5 Bxc5 12. Nxc5 Qd6 13. d4 Rd8 14. Qb3 Nxd4 15. Nxd4 Qxc5 16. Rad1 Bd7 17. Qxb7 Rab8 18. Qa6 Rxb2 19. Nb3 Qb6 20. Qxb6 cxb6 21. c5 a4 22. c6 axb3 23. axb3 Rxb3 24. Rd2 Kf8 25. Rc1 Ke7 {1-0 Kobo,O (2534)-Sychev,K (2534) Chess.com Rapid Wk17 Swiss 2022 (4)}) ({RR} 11. a4 e5 12. Re1 Bf5 13. d4 e4 14. Nfd2 Bb4 15. h3 Re8 16. Kh2 h6 17. Re2 Bg6 18. Qc2 Bf8 19. Nb1 Nb4 20. Qd2 Nd3 21. Nc3 Qd7 22. Rf1 Bh5 23. f3 exf3 24. Bxf3 Bg6 25. d5 Ne5 {0-1 Donchenko,A (2636)-De Boer,E (2396) Titled Tue 6th Feb Early 2024 (3)}) 11... Bd7 12. Nb5 e5 13. h3 Qc8 14. Kh2 Rd8 15. Qe2 Re8 16. Rfd1 h6 17. Qf1 Bf8 18. Rac1 Nb4 19. Nc3 c5 20. Nd2 Bc6 21. Nde4 Nd7 22. g4 Qd8 23. a3 Na6 24. f4 exf4 25. Bxf4 Nc7 26. Bg3 Ne6 27. Rc2 Be7 28. Rf2 Bh4 29. Nd5 Bxg3+ 30. Nxg3 Ne5 31. Nf5 Nc7 32. d4 cxd4 33. Rxd4 Nxd5 34. cxd5 Bd7 35. d6 Qb6 36. Rfd2 Ng6 37. Qf2 Re5 38. Ne3 Re6 39. Nc4 Qb5 40. a4 Qc5 41. Rf4 Qxf2 42. Rfxf2 Ne5 43. Bxb7 Nxc4 44. Bxa8 Nxd2 45. Rxd2 Kf8 46. b4 axb4 47. a5 Re3 48. Rb2 Ra3 49. Rxb4 g6 50. Rb8+ Kg7 51. Rd8 Rxa5 52. Bg2 Ra7 53. Bd5 Kf6 54. Kg3 Be6 55. Bxe6 Kxe6 56. Rh8 Ke5 1/2-1/2

[Event "45th FIDE Chess Olympiad Open"]
[Site "Budapest, Hungary"]
[Date "2024.09.12"]
[Round "2"]
[White "Shevchenko, Kirill"]
[Black "Nikolovski, Nikola"]
[Result "1-0"]
[WhiteElo "2673"]
[BlackElo "2388"]
[PlyCount "67"]
[EventDate "2024.??.??"]
[WhiteTeam "Romania"]
[BlackTeam "North Macedonia"]
[WhiteTeamCountry "ROU"]
[WhiteClock "0:11:56"]
[BlackClock "0:01:35"]

1. d4 e6 2. Nf3 f5 3. g3 Nf6 4. Bg2 Be7 5. O-O O-O 6. c4 d6 7. Nc3 a5 8. Bf4 ({RR} 8. Qd3 Nc6 9. e4 Nb4 10. Qe2 fxe4 11. Nxe4 Nxe4 12. Qxe4 e5 13. dxe5 Bf5 14. Qxb7 Rb8 15. Qa7 Be4 16. exd6 Bxd6 17. Ng5 Bxg2 18. Kxg2 Qf6 19. Qxa5 Ra8 20. Qb5 c6 21. Qb7 h6 22. Nh3 Qf3+ {½-½ Ekstroem,R (2482)-Williams,S (2527) SUI-ch Graechen 2009 (9)}) 8... Nh5 $146 ({RR} 8... Ne4 9. Rc1 Nxc3 10. Rxc3 Bf6 11. c5 Na6 12. cxd6 cxd6 13. Ne1 Kh8 14. e4 e5 15. dxe5 dxe5 16. Qxd8 Rxd8 17. Be3 Nb4 18. a3 Nc6 19. Bb6 Rd2 20. Rc2 Rd6 21. Bc5 Rd8 22. Bb6 Rd6 23. Bc5 {½-½ Niemela,A (2279)-Lehtivaara,P (2342) FIN-chT 1112 2011 (9.2)}) ({RR} 8... Nc6 9. a3 Nh5 10. Qc2 Bf6 11. Rad1 Qe8 12. Nb5 Qf7 13. d5 e5 14. dxc6 exf4 15. Nfd4 Bxd4 16. Nxd4 bxc6 17. Bxc6 Be6 18. Nxe6 fxg3 19. hxg3 Qg6 20. Bxa8 Rxa8 21. Nd4 Rf8 22. Qd3 Qg5 23. Nf3 {1-0 Mendoza,R (2129)-Osmonbekov,T (2137) Titled Tue 7th Nov Late 2023 (2)}) ({RR} 8... Ne4 9. Nxe4 fxe4 10. Nd2 d5 11. Rc1 c6 12. Be3 Bg5 13. Bxg5 Qxg5 14. e3 Nd7 15. Qe2 e5 16. cxd5 cxd5 17. Qb5 exd4 18. Nxe4 Qe5 19. exd4 Qxd4 20. Rfd1 Qa7 21. Qxd5+ Kh8 22. Rc2 Nb6 23. Qc5 {1-0 Precour,J-Schubert,V Baden Kongress Allgemeines Turnier 1983 (4)}) ({RR} 8... Nbd7 9. c5 dxc5 10. dxc5 c6 11. Nd4 Nxc5 12. Bxc6 g5 13. Bxg5 bxc6 14. Nxc6 Qxd1 15. Rfxd1 Kf7 16. Rac1 Bb7 17. Nxe7 Kxe7 18. Na4 Nxa4 19. Rc7+ Ke8 20. Rxb7 Rf7 21. Rb5 Nd5 22. Rd4 Nab6 23. f3 {0-1 Zude,E (2424)-Ikonnikov,V (2560) Monarch Assurance 14th 2005 (2)}) 9. Bd2 Nd7 10. e4 f4 11. e5 dxe5 12. dxe5 g6 13. Qe2 Nc5 14. Rad1 Bd7 15. Nb5 Bc6 16. Bxa5 Qc8 17. Bb4 Rxa2 18. Nbd4 Be4 19. Bxc5 Bxf3 20. Qxf3 fxg3 21. Bxe7 Rxf3 22. Nxf3 Ra8 23. Rd8+ Qxd8 24. Bxd8 gxh2+ 25. Kxh2 Rxd8 26. Ra1 h6 27. Ra7 g5 28. Rxb7 g4 29. Nh4 Rd2 30. b4 Rxf2 31. Rxc7 Rb2 32. b5 Rb3 33. Ng6 Ng3 34. b6 1-0

[Event "45th FIDE Chess Olympiad Open"]
[Site "Budapest, Hungary"]
[Date "2024.09.12"]
[Round "2"]
[White "Risteski, Emil"]
[Black "Lupulescu, Constantin"]
[Result "1/2-1/2"]
[WhiteElo "2367"]
[BlackElo "2590"]
[PlyCount "151"]
[EventDate "2024.??.??"]
[WhiteTeam "North Macedonia"]
[BlackTeam "Romania"]
[BlackTeamCountry "ROU"]
[WhiteClock "0:28:05"]
[BlackClock "0:08:45"]

1. e4 c5 2. Nf3 d6 3. d4 cxd4 4. Nxd4 Nf6 5. Nc3 Nc6 6. Bg5 Bd7 7. Qd2 a6 8. O-O-O e6 9. Kb1 Be7 10. Nxc6 Bxc6 11. f3 Qc7 12. h4 O-O-O 13. Ne2 h6 14. Be3 d5 15. e5 Nd7 16. f4 Bb5 17. h5 $146 ({RR} 17. Nd4 Bxf1 18. Rdxf1 Bc5 19. Rh3 h5 20. Bg1 Kb8 21. Rc3 Bb4 22. Rxc7 Bxd2 23. Rxd7 Rxd7 24. c3 f6 25. Nb3 Bxf4 26. Nc5 Re7 27. Rxf4 fxe5 28. Rf1 e4 29. Bh2+ Ka7 30. Bd6 Ree8 31. Rf7 Kb6 {½-½ De Winter,A (2401)-Keetman,M (2121) Dutch League 2023-24 (3.1)}) 17... Nb6 18. Qa5 Nc4 19. Qxc7+ Kxc7 20. Bc1 Na5 21. Nd4 Bxf1 22. Rhxf1 Nc6 23. c3 Nxd4 24. cxd4 g6 25. g4 Kd7 26. f5 gxf5 27. gxf5 exf5 28. Rxf5 Ke6 29. Rdf1 Rh7 30. R5f3 Rg8 31. Rb3 b5 32. Rc3 Kd7 33. Bf4 Rc8 34. Rxc8 Kxc8 35. Rg1 Kd7 36. Rg8 Ke6 37. Re8 f6 38. exf6 Kxf6 39. Ra8 Kf5 40. Be5 Bg5 41. Rxa6 Rb7 42. Rd6 Kg4 43. Rxd5 Kxh5 44. Rc5 Kg4 45. d5 Kf5 46. d6 Ke6 47. Bg3 b4 48. Re5+ Kd7 49. Kc2 b3+ 50. axb3 Rb4 51. Ra5 Bf4 52. Ra7+ Kxd6 53. Bxf4+ Rxf4 54. Ra6+ Kc5 55. Rxh6 Rf2+ 56. Kb1 Kb5 57. Rh5+ Kb6 58. Ka2 Rf4 59. Ka3 Rg4 60. Rh1 Rf4 61. b4 Rf8 62. Kb3 Rg8 63. Rh6+ Kb5 64. Rh5+ Kb6 65. Ka4 Rg6 66. Rh8 Rf6 67. Rh4 Rg6 68. b5 Rg1 69. Rh6+ Kb7 70. Kb4 Rf1 71. b6 Rf4+ 72. Ka5 Rf5+ 73. Ka4 Rf4+ 74. b4 Rf5 75. b5 Rf1 76. Rh7+ 1/2-1/2